[Event "Oberliga Nord O 2122"]
[Site "Germany"]
[Date "2022.01.16"]
[Round "4.1"]
[White "Rosenthal, Dirk"]
[Black "Luther, Alexander"]
[Result "1-0"]
[WhiteElo "2396"]
[BlackElo "2065"]
[PlyCount "95"]
[EventDate "2021.10.31"]
[EventType "team-tourn"]
[EventRounds "9"]
[EventCountry "GER"]
[SourceTitle "EXT 2023"]
[Source "ChessBase"]
[SourceDate "2022.10.05"]
[SourceVersion "1"]
[SourceVersionDate "2022.10.05"]
[SourceQuality "1"]
[WhiteTeam "Oberschoeneweide"]
[BlackTeam "Guestrow/Teterow"]
[WhiteTeamCountry "GER"]
[BlackTeamCountry "GER"]

1. d4 d5 2. c4 e6 3. Nc3 Nf6 4. cxd5 exd5 5. Bg5 c6 6. e3 Be7 7. Qc2 Nbd7 8. Bd3 h6 9. Bh4 Nh5 10. Bxe7 Qxe7 11. Nf3 Nf4 12. 0-0 Nxd3 13. Qxd3 0-0 14. Rab1 a5 15. Rbc1 Nb6 16. Ne5 Re8 17. Ne2 Nd7 18. Nxd7 Bxd7 19. Rc5 h5 20. Qd2 h4 21. h3 b6 22. Rc3 g5 23. Kh1 Kh8 24. Ng1 Qe4 25. f3 Qe7 26. e4 f6 27. Re3 Qb4 28. Qd3 Qc4 29. Qxc4 dxc4 30. f4 Bf5 31. e5 Bd3 32. Rf2 Rad8 33. fxg5 fxg5 34. Nf3 Kg7 35. Nxg5 Rxd4 36. Rf6 Rd5 37. Rxc6 Rexe5 38. Ne6+ Kf7 39. Rf3+ Bf5 40. Ng5+ Ke7 41. Rxc4 Rd1+ 42. Kh2 Bd3 43. Rf7+ Kd6 44. Rd4+ Rd5 45. Rf6+ Kc5 46. Ne6+ Kd6 47. Nf4+ Ke5 48. Rxd5+ 1-0

[Event "Mecklenburg VP VL 1516"]
[Site "Mecklenburg VP"]
[Date "2015.12.13"]
[Round "4.3"]
[White "Glawe, Hartmut"]
[Black "Luther, Alexander"]
[Result "1-0"]
[WhiteElo "1908"]
[BlackElo "1961"]
[PlyCount "63"]
[EventDate "2015.09.20"]
[EventType "team-tourn"]
[EventRounds "9"]
[EventCountry "GER"]
[SourceTitle "EXT 2022"]
[Source "ChessBase"]
[SourceDate "2021.10.06"]
[SourceVersion "1"]
[SourceVersionDate "2021.10.06"]
[SourceQuality "1"]
[WhiteTeam "Stralsund FHSG"]
[BlackTeam "Guestrow/Teterow"]
[WhiteTeamCountry "GER"]
[BlackTeamCountry "GER"]

1. d4 Nf6 2. c4 e6 3. Nc3 d5 4. cxd5 exd5 5. Bg5 Be7 6. e3 0-0 7. Bd3 h6 8. Bh4 Be6 9. Nge2 Nbd7 10. f3 c5 11. Rc1 Rc8 12. 0-0 Nb6 13. Bf2 Nc4 14. Bxc4 dxc4 15. Qc2 Qa5 16. e4 cxd4 17. Nxd4 Bd7 18. Rcd1 Rfd8 19. Rfe1 b5 20. a3 Bc5 21. e5 Nh5 22. Qc1 g5 23. g3 Ng7 24. Ne4 Ne6 25. Nf6+ Kh8 26. Nxe6 Bxf2+ 27. Kxf2 Qb6+ 28. Nd4 Bf5 29. Qe3 Bd3 30. Ne2 Qe6 31. h4 Bxe2 32. Qe4 1-0

[Event "Mecklenburg VP VL 1213"]
[Site "Mecklenburg VP"]
[Date "2012.11.25"]
[Round "3.3"]
[White "Luther, Alexander"]
[Black "Pruesse, Horst"]
[Result "0-1"]
[WhiteElo "1871"]
[BlackElo "1947"]
[PlyCount "112"]
[EventDate "2012.10.14"]
[EventType "team-tourn"]
[EventRounds "9"]
[EventCountry "GER"]
[SourceTitle "EXT 2022"]
[Source "ChessBase"]
[SourceDate "2021.10.06"]
[SourceVersion "1"]
[SourceVersionDate "2021.10.06"]
[SourceQuality "1"]
[WhiteTeam "Guestrow/Teterow"]
[BlackTeam "Neubrandenburg SG Eintracht"]
[WhiteTeamCountry "GER"]
[BlackTeamCountry "GER"]

1. e4 c5 2. Nf3 e6 3. d4 cxd4 4. Nxd4 a6 5. Be2 Qc7 6. 0-0 b5 7. f4 Bb7 8. Bf3 Nc6 9. Be3 Rc8 10. c3 d6 11. a4 Nxd4 12. Bxd4 Nf6 13. axb5 axb5 14. e5 dxe5 15. Bxb7 Qxb7 16. fxe5 Nd7 17. Ra7 Qd5 18. b4 Be7 19. Qf3 Qxf3 20. gxf3 Bd8 21. Rb7 Rb8 22. Rxb8 Nxb8 23. Na3 Nc6 24. Nxb5 Be7 25. Ra1 Kd7 26. Kf2 Rb8 27. c4 Bxb4 28. Rd1 Ke7 29. Ke3 f5 30. Ba1 Bc5+ 31. Ke2 Ra8 32. Nd6 Ra2+ 33. Ke1 Rxh2 34. Nb7 Bb4+ 35. Kf1 Rh1+ 36. Ke2 Rxd1 37. Kxd1 g5 38. Ke2 Kd7 39. Nd6 Nxe5 40. Nxf5 Nxc4 41. Ng3 Be7 42. Ne4 Ke8 43. Bf6 h6 44. Bg7 Bf8 45. Bf6 Kf7 46. Bxg5 hxg5 47. Nxg5+ Ke7 48. Kd3 Nd6 49. f4 Bh6 50. Nh3 Kf6 51. Ke3 Kf5 52. Kf3 Nb5 53. Ke3 Nc3 54. Ng5 Bxg5 55. fxg5 Nd5+ 56. Kd4 Nf4 0-1

[Event "Mecklenburg VP LL2 West 1112"]
[Site "Mecklenburg VP"]
[Date "2012.02.26"]
[Round "7.3"]
[White "Hess, Bernd"]
[Black "Luther, Alexander"]
[Result "0-1"]
[WhiteElo "1759"]
[BlackElo "1889"]
[PlyCount "126"]
[EventDate "2011.10.02"]
[EventType "team-tourn"]
[EventRounds "9"]
[EventCountry "GER"]
[SourceTitle "EXT 2022"]
[Source "ChessBase"]
[SourceDate "2021.10.06"]
[SourceVersion "1"]
[SourceVersionDate "2021.10.06"]
[SourceQuality "1"]
[WhiteTeam "Schwerin SV Einheit"]
[BlackTeam "Guestrow/Teterow"]
[WhiteTeamCountry "GER"]
[BlackTeamCountry "GER"]

1. d4 Nf6 2. Nf3 g6 3. g3 Bg7 4. Bg2 d5 5. 0-0 0-0 6. c3 Nbd7 7. Nbd2 c5 8. Nb3 Ne4 9. Nxc5 Ndxc5 10. dxc5 e6 11. Ne1 Nxc5 12. Nd3 Qe7 13. Be3 Nd7 14. Qc1 Rd8 15. Bg5 Nf6 16. h4 Bd7 17. Ne5 Qd6 18. Nxd7 Rxd7 19. Bxf6 Bxf6 20. Rd1 Rc8 21. Qd2 Qb6 22. e3 a5 23. Rac1 Rdc7 24. Rb1 Qa7 25. Bf1 Qc5 26. a4 Qf8 27. Bb5 Qh6 28. Qe2 Kh8 29. Kg2 Rg8 30. Rh1 Rgc8 31. Qf3 Qg7 32. h5 Be5 33. hxg6 fxg6 34. Qg4 Qf6 35. Bd3 Kg8 36. Rh6 Rg7 37. Rbh1 Rf8 38. Qe2 Rgf7 39. f4 Bd6 40. Qg4 Rg7 41. e4 dxe4 42. Bxe4 Rd8 43. Re1 Bc5 44. Re2 Rd1 45. Rh1 Rxh1 46. Kxh1 g5 47. f5 h5 48. Qf3 g4 49. Qd3 h4 50. Qb5 Bf8 51. Qe8 exf5 52. Bd5+ Kh7 53. Re6 Qg5 54. c4 hxg3 55. Kg2 Qh4 56. Kf1 Bc5 57. Bg2 Qh2 58. Re5 Qg1+ 59. Ke2 Qxg2+ 60. Kd3 Qf1+ 61. Kd2 Bb4+ 62. Kc2 Qxc4+ 63. Kb1 Qf7 0-1